[Event "BCF-ch U08 rapid"]
[Site "Hull"]
[Date "2024.07.26"]
[Round "3"]
[White "Oudet, Charlotte"]
[Black "Gritsenko, Mark"]
[Result "1-0"]
[WhiteElo "1129"]
[BlackElo "837"]
[PlyCount "45"]
[EventDate "2024.07.26"]
[EventType "swiss (rapid)"]
[EventRounds "9"]
[EventCountry "ENG"]
[SourceTitle "CB31_2024"]
[SourceDate "2024.07.31"]
[SourceVersion "1"]
[SourceVersionDate "2024.07.31"]
[SourceQuality "1"]

1. e4 e5 2. Nf3 Nc6 3. Bb5 a6 4. Ba4 b5 5. Bb3 a5 6. a3 Bc5 7. d3 Nf6 8. Nc3 0-0 9. 0-0 d6 10. h3 Bd7 11. Bg5 h6 12. Bh4 b4 13. axb4 Bxb4 14. Nd5 Bc5 15. Nxf6+ gxf6 16. Qb1 Kh8 17. Qa2 Rg8 18. Kh2 Qf8 19. Bxf6+ Kh7 20. Bxf7 Be6 21. Qxe6 Re8 22. Qf5+ Rg6 23. Qxg6# 1-0

[Event "BCF-ch U08 rapid"]
[Site "Hull"]
[Date "2024.07.26"]
[Round "6"]
[White "Singh, Amandeep4"]
[Black "Oudet, Charlotte"]
[Result "1-0"]
[WhiteElo "1546"]
[BlackElo "1129"]
[PlyCount "48"]
[EventDate "2024.07.26"]
[EventType "swiss (rapid)"]
[EventRounds "9"]
[EventCountry "ENG"]
[SourceTitle "CB31_2024"]
[SourceDate "2024.07.31"]
[SourceVersion "1"]
[SourceVersionDate "2024.07.31"]
[SourceQuality "1"]

1. e4 e5 2. Nf3 Nc6 3. Bc4 Bc5 4. b4 Bxb4 5. c3 Bc5 6. d4 exd4 7. 0-0 dxc3 8. Bxf7+ Kxf7 9. Qd5+ Ke8 10. Qh5+ Ke7 11. Qxc5+ Ke8 12. Bg5 d6 13. Qxc3 Qd7 14. e5 a6 15. exd6 cxd6 16. Re1+ Kf8 17. Nd4 Nxd4 18. Qxd4 h6 19. Qf4+ Qf5 20. Qxd6+ Kf7 21. Bf4 Be6 22. Nd2 Re8 23. Nf3 g5 24. Be5 Rh7 1-0

[Event "BCF-ch U08 blitz"]
[Site "Hull"]
[Date "2024.07.25"]
[Round "9"]
[White "Maksak, Liubava"]
[Black "Oudet, Charlotte"]
[Result "1/2-1/2"]
[WhiteElo "1082"]
[BlackElo "1468"]
[PlyCount "155"]
[EventDate "2024.07.25"]
[EventType "swiss (blitz)"]
[EventRounds "9"]
[EventCountry "ENG"]
[SourceTitle "CB31_2024"]
[SourceDate "2024.07.31"]
[SourceVersion "1"]
[SourceVersionDate "2024.07.31"]
[SourceQuality "1"]

1. e4 e5 2. Nf3 Nc6 3. Bc4 Bc5 4. b4 Bxb4 5. c3 Bc5 6. 0-0 Nf6 7. d4 exd4 8. cxd4 Bb4 9. e5 d5 10. exf6 dxc4 11. fxg7 Rg8 12. Bh6 Be7 13. Nc3 Bf6 14. Rc1 Bxg7 15. Bxg7 Rxg7 16. d5 Ne7 17. Re1 Rg8 18. Nb5 a6 19. d6 cxd6 20. Nxd6+ Kf8 21. Nxc4 Be6 22. Qxd8+ Rxd8 23. Nce5 Bxa2 24. Rcd1 Rxd1 25. Rxd1 Ng6 26. Nd7+ Kg7 27. Nde5 Nxe5 28. Nxe5 Kf6 29. Nd7+ Ke6 30. Nc5+ Kf6 31. Nxb7 Re8 32. Nd6 Re7 33. Nc8 Re6 34. Nd6 Bb3 35. Rb1 Rxd6 36. h3 Bc2 37. Rb2 Rd1+ 38. Kh2 Rd2 39. Rb6+ Ke5 40. Rxa6 Rxf2 41. Ra5+ Kf6 42. Ra6+ Kg7 43. Ra5 Rf5 44. Ra2 Bb3 45. Rb2 Be6 46. Re2 Kg6 47. Rd2 Kg5 48. Rd4 Rf4 49. Rd2 h5 50. Rc2 Bf5 51. Rc7 Bg6 52. Rc5+ Rf5 53. Rc4 Kh6 54. Rd4 Re5 55. Rd2 Be4 56. Re2 f5 57. Rb2 Re6 58. Ra2 Rg6 59. Re2 h4 60. Rd2 Kg5 61. Rf2 Kf6 62. Rd2 Ke5 63. Rf2 Kd4 64. Re2 Kd3 65. Rb2 Ke3 66. Ra2 Kf4 67. Rf2+ Ke3 68. Ra2 f4 69. Rb2 f3 70. Rb3+ Kf4 71. gxf3 Bxf3 72. Rb4+ Be4 73. Rb2 Kf5 74. Rf2+ Ke5 75. Rb2 Kf4 76. Rf2+ Ke3 77. Rb2 Kd3 78. Rf2 1/2-1/2

[Event "BCF-ch U08 blitz"]
[Site "Hull"]
[Date "2024.07.25"]
[Round "4"]
[White "Oudet, Charlotte"]
[Black "Munoz, Carlos"]
[Result "1-0"]
[WhiteElo "1468"]
[BlackElo "964"]
[PlyCount "113"]
[EventDate "2024.07.25"]
[EventType "swiss (blitz)"]
[EventRounds "9"]
[EventCountry "ENG"]
[SourceTitle "CB31_2024"]
[SourceDate "2024.07.31"]
[SourceVersion "1"]
[SourceVersionDate "2024.07.31"]
[SourceQuality "1"]

1. e4 c6 2. d4 d5 3. exd5 cxd5 4. Nf3 Nc6 5. Bd3 Be6 6. c3 Nf6 7. Nbd2 Bg4 8. h3 e6 9. hxg4 Nxg4 10. Qe2 Bd6 11. Nf1 0-0 12. Ng5 Qe7 13. Qxg4 f5 14. Qh4 h6 15. Nf3 a5 16. Qxe7 Bxe7 17. Bf4 g5 18. Be5 Nxe5 19. Nxe5 Bf6 20. Rxh6 Bg7 21. Rg6 Rf6 22. Rxf6 Bxf6 23. Nd7 Be7 24. Bb5 Rd8 25. a4 b6 26. Nxb6 Rd6 27. Nd7 Kf7 28. Nd2 Ke8 29. Nb3 g4 30. Nbc5 f4 31. Ke2 f3+ 32. gxf3 gxf3+ 33. Kxf3 Kd8 34. Rh1 Kc7 35. Rh7 Bg5 36. Rg7 Bh6 37. Rg6 Bc1 38. Rxe6 Rxe6 39. Nxe6+ Kd6 40. Nf4 Bxf4 41. Kxf4 Kc7 42. Ke5 Kd8 43. Kxd5 Kc7 44. f4 Kd8 45. f5 Ke7 46. f6+ Kf7 47. Ke5 Kg6 48. Bc4 Kh7 49. f7 Kg7 50. f8Q+ Kg6 51. Qf6+ Kh5 52. Bf7+ Kg4 53. Qf4+ Kh3 54. Nf6 Kg2 55. Ng4 Kg1 56. Qh2+ Kf1 57. Qf2# 1-0